| 000 | 00504pam a2200193 a 4500 | ||
|---|---|---|---|
| 020 |
_a812500093 _c325.00 |
||
| 041 |
_aeng _hNULL |
||
| 082 |
_a618.2 _bMEN / MUD |
||
| 100 | _aMUDALKAR, A . | ||
| 245 |
_aMUDALKAR & MENON`S CLINICAL OBSTETRICS / _cNULL. _hTextual Documents |
||
| 260 |
_aNULL : _bORIENT LONGMAN , _c2001. |
||
| 300 |
_a545 : _bVIII ; _cA4 . |
||
| 365 |
_a325.00 _e1 |
||
| 700 | _aMENON, M . | ||
| 907 | _a1006 | ||
| 930 | _a197 | ||
| 999 |
_c794733 _d794733 |
||
| 650 | _aOBST.GYNE | ||